000 00533nam a22001937a 4500
003 OSt
005 20140310181752.0
008 130627t xxu||||| |||| 00| 0 eng d
015 _29710617176
050 _aTK 7816
_b.E15 1996
082 _aFIL 621.31
_bEb1 1996
100 _aEbalan, Ambrosio E.
245 _aBasic Electronics II :
_b Fourth year /
_cEbalan, Ambrosio E.
260 _aQuezon City, Philippines :
_bPhoenix,
_c1996.
300 _a128 p. :
_bill. ;
_c25 cm.
562 _e1
942 _2lcc
_cBK
999 _c3274
_d3274